00949nam a2200193Ia 4500003000900000008004100009020001800050040001600068080002100084111016700105245031200272260003700584300002300621650001700644650002000661650001900681700002500700700003000725IN-BaIIA211028s9999 xx 000 0 eng d a0-7923-2913-9 cIIA Library a524.3:520.8bTHE aNATO ASI Workshop on the Impact of Long-Term Monitoring on Variable Star Research, Astrophysics, instrumentation, Data Handling, ArchivingcGhentd1993 Nov. 15-18 4aThe impact of long-term monitoring on Variable Star Researchbproceedings of the NATO ASI Workshop on the impact of long-term monitoring on Variable Star Research, Astrophysics, instrumentation, data handling, archiving, held in Ghent, Belgium, Nov 15-18,1993cedited by Christiaan Sterken and Mart de Groot aDordrechtbKluwer Academicc1994 a[various pagings.] aAstrophysics aInstrumentation aVariable Stars ade Groot, Mart., ed. aSterken, Christiaan., ed.